| 000 | 00608nam a2200229Ia 4500 | ||
|---|---|---|---|
| 003 | OSt | ||
| 005 | 20230328095341.0 | ||
| 008 | 210423s1999 xx 000 0 und d | ||
| 040 | _cAL | ||
| 041 | _aeng | ||
| 082 | _a338.642 DESV | ||
| 100 |
_aDESAI (Vasant) _978501 |
||
| 245 | _aSmall scale industries and entrepreneurship | ||
| 250 | _a4 | ||
| 260 |
_aMumbai _bHimalaya Publishing House _c1999 |
||
| 300 | _axxxv,522 | ||
| 365 |
_b125 _cINR |
||
| 650 |
_aEconomics _978502 |
||
| 650 |
_aProduction Economics _978503 |
||
| 906 | _aentrepreneurship ; industries ; scale ; Small | ||
| 942 |
_2ddc _cBK |
||
| 999 |
_c155114 _d155114 |
||